[Event "Mondiale Lampo FIDE 2019"]
[Site "Mosca"]
[Date "29.12.2019"]
[Round "2.6"]
[White "Esipenko, Andrey"]
[Black "Duda, Jan-Krzysztof"]
[Result "1-0"]
[WhiteTitle "GM"]
[BlackTitle "GM"]
[WhiteElo "2642"]
[BlackElo "2758"]
[WhiteFideId "24175439"]
[BlackFideId "1170546"]
[EventDate "2019.12.29"]

1. d4 Nf6 2. c4 g6 3. Nc3 d5 4. cxd5 Nxd5 5. e4 Nxc3 6. bxc3 Bg7 7. Nf3 c5 8.
Be3 O-O 9. Be2 b6 10. Rc1 Nd7 11. e5 Bb7 12. O-O Qc7 13. Ng5 h6 14. Nh3 e6 15.
Qd2 Kh7 16. Bd3 Rad8 17. Qe2 a6 18. Nf4 Kg8 19. Bxa6 Bxa6 20. Qxa6 Ra8 21. Qe2
Ra3 22. Rc2 Rfa8 23. Bc1 R3a4 24. Rd1 b5 25. a3 Rc4 26. d5 exd5 27. Nxd5 Qxe5
28. Qxe5 Bxe5 29. Ne7+ Kf8 30. Rxd7 b4 31. Bxh6+ Ke8 32. Rd5 Bxc3 33. Nc6 f5 1-0

[Event "Mondiale Lampo FIDE 2019"]
[Site "Mosca"]
[Date "29.12.2019"]
[Round "2.7"]
[White "Artemiev, Vladislav"]
[Black "Golubov, Saveliy"]
[Result "1-0"]
[WhiteTitle "GM"]
[BlackTitle "IM"]
[WhiteElo "2731"]
[BlackElo "2469"]
[WhiteFideId "24101605"]
[BlackFideId "24176729"]
[EventDate "2019.12.29"]

1. c4 g6 2. g3 Bg7 3. Bg2 Nf6 4. Nc3 O-O 5. Nf3 d6 6. O-O Nc6 7. d3 e5 8. b3 h6
9. Bb2 Be6 10. e3 Nd7 11. d4 Bg4 12. h3 exd4 13. exd4 Bxf3 14. Bxf3 Bxd4 15.
Bxc6 Bxc3 16. Bxc3 bxc6 17. Qd4 Ne5 18. Qe3 Kh7 19. Rae1 Qc8 20. f4 Nd7 21. Qd4
f6 22. Re7+ Kh8 23. Rfe1 Nc5 24. g4 Qd8 25. b4 Na4 26. Qd3 1-0

[Event "Mondiale Lampo FIDE 2019"]
[Site "Mosca"]
[Date "29.12.2019"]
[Round "2.8"]
[White "Yuffa, Daniil"]
[Black "Andreikin, Dmitry"]
[Result "1/2-1/2"]
[WhiteTitle "GM"]
[BlackTitle "GM"]
[WhiteElo "2566"]
[BlackElo "2724"]
[WhiteFideId "24131423"]
[BlackFideId "4158814"]
[EventDate "2019.12.29"]

1. d4 Nf6 2. c4 e6 3. g3 d5 4. Bg2 dxc4 5. Nf3 c6 6. a4 c5 7. O-O Nc6 8. dxc5
Bxc5 9. Qxd8+ Kxd8 10. Nbd2 Ke7 11. Nxc4 Nd5 12. Nfe5 Ncb4 13. Rd1 f6 14. Nd3
Nxd3 15. Rxd3 b6 16. Ne3 Bxe3 17. Bxe3 Ba6 18. Bxd5 exd5 19. Rxd5 Rhd8 20. Rxd8
Rxd8 21. Kf1 Rc8 22. b4 Rc2 23. b5 Bc8 24. a5 Be6 25. axb6 axb6 26. Bxb6 Bc4 27.
Ra7+ Kf8 28. Kg1 Bxb5 29. e4 Bc6 30. f3 h6 31. Be3 Rc3 32. Kf2 Rc2+ 33. Kg1 Rc3
34. Kf2 Rc2+ 35. Kg1 1/2-1/2

[Event "Mondiale Lampo FIDE 2019"]
[Site "Mosca"]
[Date "29.12.2019"]
[Round "2.9"]
[White "Vidit, Santosh Gujrathi"]
[Black "Hansen, Eric"]
[Result "1/2-1/2"]
[WhiteTitle "GM"]
[BlackTitle "GM"]
[WhiteElo "2721"]
[BlackElo "2606"]
[WhiteFideId "5029465"]
[BlackFideId "2606771"]
[EventDate "2019.12.29"]

1. d4 Nf6 2. c4 e6 3. Nf3 d5 4. g3 Bb4+ 5. Bd2 Be7 6. Bg2 O-O 7. O-O c6 8. Bc3
Nbd7 9. Nbd2 b6 10. Qc2 Bb7 11. e4 Nxe4 12. Nxe4 dxe4 13. Qxe4 Qc7 14. Qe2 Rfe8
15. Rad1 Rad8 16. Rfe1 Nf6 17. Ne5 c5 18. dxc5 Bxg2 19. Kxg2 Bxc5 20. b4 Bd6 21.
b5 Bxe5 22. Bxe5 Qc5 23. a4 h6 24. h3 Qb4 25. Qc2 Rc8 26. Rc1 Red8 27. Re2 Rd7
28. Bxf6 gxf6 29. Qe4 f5 30. Qf4 Kg7 31. g4 Rc5 32. Re5 fxg4 33. Qxg4+ Kh7 34.
Qe4+ Kg7 35. Qg4+ Kh7 36. Qe4+ f5 37. Qe3 Rg7+ 38. Kf1 Qb2 39. Rxc5 bxc5 40. Re1
Qc2 41. Qxe6 Qd3+ 42. Re2 Qd1+ 43. Re1 Qd3+ 44. Re2 Qd1+ 1/2-1/2

[Event "Mondiale Lampo FIDE 2019"]
[Site "Mosca"]
[Date "29.12.2019"]
[Round "2.11"]
[White "Matlakov, Maxim"]
[Black "Kezin, Roman"]
[Result "1-0"]
[WhiteTitle "GM"]
[BlackTitle "IM"]
[WhiteElo "2699"]
[BlackElo "2470"]
[WhiteFideId "4168003"]
[BlackFideId "24124621"]
[EventDate "2019.12.29"]

1. d4 d5 2. c4 e6 3. Nc3 c6 4. e4 Bb4 5. cxd5 exd5 6. e5 Bf5 7. Bd3 Ne7 8. Nf3
O-O 9. O-O Qd7 10. Ne2 Bxd3 11. Qxd3 Na6 12. Ng3 Nc7 13. Ng5 Ng6 14. f4 f5 15.
exf6 Rxf6 16. Nh5 Rf5 17. Ng3 Rf6 18. f5 Ne7 19. Bf4 Bd6 20. Be5 Rh6 21. f6 Bxe5
22. dxe5 gxf6 23. exf6 Qg4 24. Qe3 Ng6 25. Nf5 Rh5 26. f7+ Kh8 1-0

[Event "Mondiale Lampo FIDE 2019"]
[Site "Mosca"]
[Date "29.12.2019"]
[Round "2.12"]
[White "Khusnutdinov, Rustam"]
[Black "Vitiugov, Nikita"]
[Result "1-0"]
[WhiteTitle "GM"]
[BlackTitle "GM"]
[WhiteElo "2491"]
[BlackElo "2747"]
[WhiteFideId "13701703"]
[BlackFideId "4152956"]
[EventDate "2019.12.29"]

1. e4 e6 2. d4 d5 3. Bd3 dxe4 4. Bxe4 Nf6 5. Bf3 c5 6. Ne2 Nc6 7. Be3 cxd4 8.
Nxd4 Ne5 9. Nc3 a6 10. Qe2 Nxf3+ 11. Nxf3 Be7 12. Bd4 O-O 13. O-O-O Qc7 14. g4
Rd8 15. Be5 Qa5 16. Rxd8+ Bxd8 17. Rd1 Be7 18. g5 Nd7 19. h4 Nxe5 20. Nxe5 Qc7
21. f4 b5 22. Kb1 b4 23. Ne4 a5 24. Qg2 Ra6 25. Nf6+ Kf8 26. Nxh7+ Ke8 27. h5
Bb7 28. Qe2 Rd6 29. Rxd6 Bxd6 30. h6 gxh6 31. gxh6 Qc5 32. Qe1 Ke7 33. Ng5 Bxe5
34. fxe5 Bd5 35. h7 Bxa2+ 36. Ka1 Qxc2 37. h8=Q Bd5 38. Qf6+ Kd7 39. Qxf7+ Kc6
40. Qe8+ Kc7 41. Nxe6+ Kb7 42. Qd7+ 1-0

[Event "Mondiale Lampo FIDE 2019"]
[Site "Mosca"]
[Date "29.12.2019"]
[Round "2.13"]
[White "Utegaliyev, Azamat"]
[Black "Fedoseev, Vladimir3"]
[Result "0-1"]
[BlackTitle "GM"]
[WhiteElo "2502"]
[BlackElo "2677"]
[WhiteFideId "13702467"]
[BlackFideId "24130737"]
[EventDate "2019.12.29"]

1. e4 c5 2. Nc3 d6 3. g3 h5 4. h3 g6 5. Bg2 Bg7 6. Nge2 Nc6 7. d3 Nf6 8. Be3 e5
9. f4 Nd4 10. Qd2 h4 11. g4 Bxg4 12. hxg4 h3 13. Bxd4 cxd4 14. Rxh3 Rxh3 15.
Bxh3 dxc3 16. Nxc3 Nxg4 17. O-O-O Bh6 18. Nd5 Nf6 19. Nxf6+ Qxf6 20. Qb4 Qxf4+
21. Kb1 Qf3 22. Rg1 Qxh3 23. Qxd6 Bg7 24. a4 Qd7 25. Qb4 a5 26. Qb3 Ra6 27. Rh1
Kf8 28. Rf1 Kg8 29. Qc4 Rc6 30. Qb5 Qc7 31. Rf2 Bh6 32. Rg2 Kg7 33. c3 Bf4 34.
Qb3 Qb6 35. Qc2 Rd6 36. Qe2 Qe3 0-1

[Event "Mondiale Lampo FIDE 2019"]
[Site "Mosca"]
[Date "29.12.2019"]
[Round "2.14"]
[White "Alekseenko, Kirill"]
[Black "Jobava, Baadur"]
[Result "1/2-1/2"]
[WhiteTitle "GM"]
[BlackTitle "GM"]
[WhiteElo "2704"]
[BlackElo "2604"]
[WhiteFideId "4135539"]
[BlackFideId "13601520"]
[EventDate "2019.12.29"]

1. e4 e5 2. Nf3 Nf6 3. Nxe5 d6 4. Nf3 Nxe4 5. Nc3 Nxc3 6. dxc3 Be7 7. Bf4 O-O 8.
Qd2 Nc6 9. O-O-O Bf5 10. Bd3 Qd7 11. h3 Rae8 12. Rhe1 Bd8 13. Re3 Rxe3 14. Qxe3
Bxd3 15. Qxd3 Re8 16. Be3 a6 17. Qd5 Qe6 1/2-1/2

[Event "Mondiale Lampo FIDE 2019"]
[Site "Mosca"]
[Date "29.12.2019"]
[Round "2.15"]
[White "Castellanos Rodriguez, Renier"]
[Black "Mamedyarov, Shakhriyar"]
[Result "1/2-1/2"]
[WhiteTitle "IM"]
[BlackTitle "GM"]
[WhiteElo "2474"]
[BlackElo "2772"]
[WhiteFideId "3404650"]
[BlackFideId "13401319"]
[EventDate "2019.12.29"]

1. e4 c6 2. d4 d5 3. exd5 cxd5 4. Bd3 Nc6 5. c3 Qc7 6. h3 g6 7. Nf3 Bf5 8. O-O
Nf6 9. Ne1 e6 10. Nd2 Bd6 11. Ndf3 h5 12. Ng5 h4 13. Nef3 O-O-O 14. Re1 Kb8 15.
b4 Ka8 16. a4 Rd7 17. a5 a6 18. b5 axb5 19. a6 Na7 20. axb7+ Qxb7 21. Ne5 Rc7
22. Bxf5 gxf5 23. Nexf7 Rxf7 24. Rxe6 Bb8 25. Nxf7 Qxf7 26. Rea6 Qc7 27. Rxf6
Qh2+ 28. Kf1 Re8 29. Be3 f4 30. Qf3 Re4 31. Rfa6 fxe3 32. Rxa7+ Bxa7 33. Qf8+
Qb8 34. Qc5 Qb7 35. Rxa7+ Qxa7 36. Qc8+ Qb8 37. Qa6+ 1/2-1/2

[Event "Mondiale Lampo FIDE 2019"]
[Site "Mosca"]
[Date "29.12.2019"]
[Round "2.16"]
[White "Shcherbakov, Ruslan"]
[Black "Gelfand, Boris"]
[Result "0-1"]
[WhiteTitle "GM"]
[BlackTitle "GM"]
[WhiteElo "2527"]
[BlackElo "2684"]
[WhiteFideId "4102240"]
[BlackFideId "2805677"]
[EventDate "2019.12.29"]

1. e4 c5 2. Nf3 Nc6 3. Bb5 g6 4. Bxc6 bxc6 5. O-O Bg7 6. Re1 Qc7 7. c3 d6 8. h3
Nf6 9. d4 cxd4 10. cxd4 O-O 11. Nc3 c5 12. Bg5 Bb7 13. Rc1 Rfe8 14. dxc5 dxc5
15. e5 Red8 16. Qe2 Nd5 17. Ne4 h6 18. Rxc5 Qb6 19. Rxd5 Bxd5 20. Bxe7 Bxe4 21.
Qxe4 Re8 22. Bd6 Qxb2 23. Qd5 Rac8 24. e6 fxe6 25. Rxe6 Kh7 26. Be5 Qc1+ 27. Kh2
Bxe5+ 28. Qxe5 Rxe6 29. Qxe6 Qc7+ 30. g3 Rf8 31. Kg2 Qb7 32. Qe3 Qd5 33. a3 a6
34. h4 h5 35. Qc3 Rf7 36. Qe3 a5 37. Qc3 Rb7 38. Qe3 Rb3 39. Qf4 Kg8 40. g4 Rxa3
41. gxh5 Qxf3+ 42. Qxf3 Rxf3 43. Kxf3 a4 44. hxg6 a3 0-1

[Event "Mondiale Lampo FIDE 2019"]
[Site "Mosca"]
[Date "29.12.2019"]
[Round "2.17"]
[White "Iljiushenok, Ilia"]
[Black "Aronian, Levon"]
[Result "1/2-1/2"]
[WhiteTitle "GM"]
[BlackTitle "GM"]
[WhiteElo "2521"]
[BlackElo "2775"]
[WhiteFideId "24105074"]
[BlackFideId "13300474"]
[EventDate "2019.12.29"]

1. e4 e5 2. Nf3 Nc6 3. d4 exd4 4. Nxd4 Nf6 5. Nxc6 bxc6 6. e5 Qe7 7. Qe2 Nd5 8.
c4 Ba6 9. b3 g6 10. f4 d6 11. Qf2 Nf6 12. Be2 dxe5 13. O-O Qc5 14. Be3 Ne4 15.
Bxc5 Bxc5 16. Qxc5 Nxc5 17. fxe5 O-O 18. Bf3 Rae8 19. Bxc6 Rxe5 20. Nc3 Kg7 21.
Rae1 Nd3 22. Rd1 Nb4 23. Bf3 Bc8 24. Rd2 Ra5 25. Nd5 Nxd5 26. cxd5 Rc5 27. Rdd1
Ra5 28. Rd2 Rc5 29. Rdd1 Ra5 30. Rd2 Rc5 31. Rdd1 1/2-1/2

[Event "Mondiale Lampo FIDE 2019"]
[Site "Mosca"]
[Date "29.12.2019"]
[Round "2.18"]
[White "Ponkratov, Pavel"]
[Black "Gareyev, Timur"]
[Result "1/2-1/2"]
[WhiteTitle "GM"]
[BlackTitle "GM"]
[WhiteElo "2632"]
[BlackElo "2598"]
[WhiteFideId "4157800"]
[BlackFideId "14200937"]
[EventDate "2019.12.29"]

1. e4 e5 2. Nf3 Nc6 3. d4 exd4 4. Nxd4 Qf6 5. Nxc6 Bc5 6. Qf3 dxc6 7. Nc3 h5 8.
Qxf6 Nxf6 9. f3 h4 10. Bd2 Be6 11. O-O-O O-O-O 12. Be2 Nd7 13. b3 f6 14. Na4
Ba3+ 15. Kb1 b6 16. Be3 g5 17. Nb2 Ne5 18. Nd3 Bd6 19. Bd4 a5 20. Nxe5 Bxe5 21.
Bxe5 fxe5 22. Kc1 Rd6 23. Rd3 Kd7 24. Kd2 Ke7 25. Ke3 Rxd3+ 26. Bxd3 Bf7 27. Rg1
Be6 28. a4 Bf7 29. g3 hxg3 30. hxg3 Be6 31. Be2 Rh2 32. Bd3 Kd6 33. Rf1 Kc5 34.
f4 gxf4+ 35. gxf4 Rh3+ 36. Kd2 exf4 37. Rxf4 Kd6 38. Rf6 Ke5 39. Rg6 Rh7 40. Kc3
Rd7 41. Rg5+ Kf6 42. Rh5 Rg7 43. Kd4 c5+ 44. Ke3 Rg3+ 45. Kf4 Rg4+ 46. Kf3 Rg7
47. Rh6+ Ke5 48. Rh5+ Kd4 49. Rh8 c4 50. Rd8+ Kc3 51. bxc4 Bxc4 52. e5 Bxd3 53.
cxd3 Kb4 54. Rd4+ Kc5 55. Rd8 b5 56. d4+ Kc4 57. axb5 a4 58. Ke4 a3 59. Ra8 Rg4+
60. Kf5 Rxd4 61. Ra4+ Kc5 62. Rxa3 Kxb5 63. e6 1/2-1/2

[Event "Mondiale Lampo FIDE 2019"]
[Site "Mosca"]
[Date "29.12.2019"]
[Round "2.19"]
[White "Yanchenko, Roman"]
[Black "Tari, Aryan"]
[Result "0-1"]
[WhiteTitle "FM"]
[BlackTitle "GM"]
[WhiteElo "2463"]
[BlackElo "2634"]
[WhiteFideId "4137329"]
[BlackFideId "1510045"]
[EventDate "2019.12.29"]

1. d4 d5 2. c4 e6 3. Nc3 Bb4 4. e3 Nf6 5. Nf3 O-O 6. Qc2 c5 7. a3 Bxc3+ 8. bxc3
dxc4 9. Bxc4 Qc7 10. O-O b6 11. Qe2 Bb7 12. a4 Nc6 13. Ba3 Rfd8 14. Ba6 Bxa6 15.
Qxa6 Na5 16. Rfd1 cxd4 17. cxd4 Qc4 18. Qb5 Rac8 19. Ne5 Qxb5 20. axb5 Nd5 21.
Rac1 Nc3 22. Nc6 Rxc6 23. bxc6 Nxd1 24. c7 Rc8 25. e4 f6 26. d5 Kf7 27. d6 Ke8
28. Rxd1 Kd7 29. Rc1 Nb7 30. f4 b5 31. e5 a5 32. Bb2 b4 33. Ra1 Ra8 34. Bd4 a4
35. Kf2 b3 36. Rb1 Na5 37. Bc3 a3 38. Bxa5 a2 0-1

[Event "Mondiale Lampo FIDE 2019"]
[Site "Mosca"]
[Date "29.12.2019"]
[Round "2.20"]
[White "Dragnev, Valentin"]
[Black "Sargissian, Gabriel"]
[Result "1-0"]
[WhiteTitle "GM"]
[BlackTitle "GM"]
[WhiteElo "2553"]
[BlackElo "2689"]
[WhiteFideId "1634852"]
[BlackFideId "13300881"]
[EventDate "2019.12.29"]

1. d4 Nf6 2. c4 e6 3. Nf3 d5 4. g3 Bb4+ 5. Bd2 Be7 6. Bg2 O-O 7. O-O Nbd7 8. Qc2
c6 9. Rd1 b6 10. Bf4 Ba6 11. Ne5 Rc8 12. cxd5 Nxd5 13. Nc3 Nxe5 14. Bxe5 f6 15.
Bf4 Nxf4 16. gxf4 f5 17. Qa4 Bb7 18. Qxa7 Qc7 19. Nb5 Qd7 20. Nc3 b5 21. d5 Ra8
22. dxc6 Qxd1+ 23. Rxd1 Rxa7 24. cxb7 b4 25. Nb5 Rxa2 26. Rc1 Ra5 27. Nd4 Ra6
28. Nxe6 Rxe6 29. Bd5 Kf7 30. Rc6 Rb8 31. Rxe6 Kf8 32. e3 Ke8 33. b3 Kd7 34. Ra6
Bd6 35. Kf1 h6 36. Ke2 g5 37. fxg5 hxg5 38. h3 Rh8 39. Bg2 Bb8 40. Rg6 f4 41.
Rxg5 fxe3 42. fxe3 Ba7 43. Rg7+ Kd6 44. Rg4 Re8 45. Be4 Kc7 46. h4 Rh8 47. Bf3
Kb8 48. Rxb4 Bc5 49. Rc4 Be7 50. Rc8+ Rxc8 51. bxc8=Q+ Kxc8 52. h5 Bg5 53. Kd3
Kd7 54. e4 Kd6 55. b4 Bh6 56. Kc4 Be3 57. b5 Ke5 58. Bg2 Kd6 59. Kd3 Bh6 60. Kd4
Bg7+ 61. Kc4 Bh6 62. Kb4 Bd2+ 63. Ka4 Be3 64. Ka5 Kc7 65. Ka6 Bd4 66. h6 1-0

[Event "Mondiale Lampo FIDE 2019"]
[Site "Mosca"]
[Date "29.12.2019"]
[Round "2.21"]
[White "Wojtaszek, Radoslaw"]
[Black "Ganguly, Surya Shekhar"]
[Result "1-0"]
[WhiteTitle "GM"]
[BlackTitle "GM"]
[WhiteElo "2725"]
[BlackElo "2633"]
[WhiteFideId "1118358"]
[BlackFideId "5002150"]
[EventDate "2019.12.29"]

1. d4 Nf6 2. c4 e6 3. Nf3 d5 4. e3 b6 5. Nc3 Bb7 6. cxd5 exd5 7. Bb5+ Nbd7 8.
Ne5 a6 9. Bc6 Bxc6 10. Nxc6 Qc8 11. Qf3 Bd6 12. Nxd5 Nxd5 13. Qxd5 Nf6 14. Qf3
Qe6 15. Bd2 Ne4 16. Bb4 O-O 17. Bxd6 cxd6 18. d5 Qe8 19. Rd1 f5 20. O-O g5 21.
Qe2 Rf6 22. f3 Nc5 23. b4 Nd7 24. f4 gxf4 25. Rxf4 Ne5 26. Nd4 Qg6 27. Rdf1 Raf8
28. Qxa6 Qh5 29. Qe2 Qe8 30. Nxf5 Kh8 31. Nxd6 Rxf4 32. exf4 1-0

[Event "Mondiale Lampo FIDE 2019"]
[Site "Mosca"]
[Date "29.12.2019"]
[Round "2.22"]
[White "Mamedov, Rauf"]
[Black "Khanin, Semen"]
[Result "1-0"]
[WhiteTitle "GM"]
[BlackTitle "IM"]
[WhiteElo "2659"]
[BlackElo "2500"]
[WhiteFideId "13401653"]
[BlackFideId "4111990"]
[EventDate "2019.12.29"]

1. e4 e5 2. Nf3 Nc6 3. Bb5 a6 4. Ba4 Nf6 5. Nc3 b5 6. Bb3 Be7 7. a4 b4 8. Nd5
Na5 9. Ba2 d6 10. Nxb4 Nxe4 11. Bd5 Bb7 12. Bxb7 Nxb7 13. d4 exd4 14. O-O O-O
15. Qxd4 Nbc5 16. Nc6 Qd7 17. Nxe7+ Qxe7 18. b4 Nd7 19. Re1 Rfe8 20. Bb2 f5 21.
Qd3 Qf7 22. h3 c5 23. b5 axb5 24. axb5 Nb6 25. Ra6 Qb7 26. Rea1 d5 27. R1a2 Nc4
28. Ba1 Ned6 29. Kh2 d4 30. Qb3 Qd5 31. b6 Rab8 32. R2a4 Re2 33. R6a5 Rxf2 34.
Bxd4 Qe4 35. Rxc5 Qf4+ 36. Kg1 Rxf3 37. Qxf3 Qxd4+ 38. Qf2 Qxf2+ 39. Kxf2 Rxb6
40. Raxc4 Nxc4 41. Rxc4 Kf7 42. Rc8 Kf6 43. c4 Rb2+ 44. Kg1 Rc2 45. c5 h5 46. h4
Ke5 47. c6 Kf4 48. Rg8 Rxc6 49. Rxg7 Ke4 50. Kh2 f4 1-0

[Event "Mondiale Lampo FIDE 2019"]
[Site "Mosca"]
[Date "29.12.2019"]
[Round "2.23"]
[White "Vishnu Prasanna, V"]
[Black "Iturrizaga Bonelli, Eduardo"]
[Result "1-0"]
[WhiteTitle "GM"]
[BlackTitle "GM"]
[WhiteElo "2493"]
[BlackElo "2597"]
[WhiteFideId "5030692"]
[BlackFideId "3901211"]
[EventDate "2019.12.29"]

1. d4 Nf6 2. Nf3 e6 3. c4 Bb4+ 4. Nbd2 O-O 5. a3 Be7 6. e4 d6 7. Bd3 Nbd7 8. b4
e5 9. d5 a5 10. Bb2 Nh5 11. g3 g6 12. Qe2 Bf6 13. h4 Bg7 14. Nf1 Nb6 15. Rd1
axb4 16. axb4 Na4 17. Ba1 c5 18. dxc6 bxc6 19. Ne3 h6 20. c5 dxc5 21. Nxe5 Qb6
22. O-O cxb4 23. Bc4 Kh7 24. Bxf7 Bxe5 25. Bxg6+ Kxg6 26. Bxe5 Ng7 27. Rd6+ Kh7
28. Ng4 Qb5 29. Qe3 1-0

[Event "Mondiale Lampo FIDE 2019"]
[Site "Mosca"]
[Date "29.12.2019"]
[Round "2.24"]
[White "Jakovenko, Dmitry"]
[Black "Sadhwani, Raunak"]
[Result "1-0"]
[WhiteTitle "GM"]
[BlackTitle "IM"]
[WhiteElo "2698"]
[BlackElo "2507"]
[WhiteFideId "4122356"]
[BlackFideId "35093487"]
[EventDate "2019.12.29"]

1. e4 e5 2. Nf3 Nc6 3. Bc4 Nf6 4. d3 h6 5. c3 d6 6. Nbd2 g6 7. Nf1 Bg7 8. Ng3
O-O 9. O-O Qe7 10. Re1 Be6 11. Bb3 Bxb3 12. axb3 a5 13. d4 Qd7 14. Bd2 Rfe8 15.
d5 Ne7 16. c4 b6 17. b4 axb4 18. Bxb4 Nh7 19. Bc3 f5 20. exf5 gxf5 21. Rxa8 Rxa8
22. Nh4 Rf8 23. f4 e4 24. Bxg7 Kxg7 25. Qd4+ Kg8 26. Nh5 Rf7 27. Re3 Qa4 28.
Rg3+ Kf8 29. Qh8+ Ng8 30. Qxg8+ Ke7 31. Ng6+ 1-0

[Event "Mondiale Lampo FIDE 2019"]
[Site "Mosca"]
[Date "29.12.2019"]
[Round "2.25"]
[White "Antipov, Mikhail Al."]
[Black "Dreev, Aleksey"]
[Result "0-1"]
[WhiteTitle "GM"]
[BlackTitle "GM"]
[WhiteElo "2549"]
[BlackElo "2677"]
[WhiteFideId "4107012"]
[BlackFideId "4100107"]
[EventDate "2019.12.29"]

1. e4 c5 2. Nf3 e6 3. b3 Nc6 4. Bb2 d6 5. d4 cxd4 6. Nxd4 Nf6 7. Bd3 Be7 8. O-O
O-O 9. Nxc6 bxc6 10. f4 d5 11. Nd2 Ba6 12. c4 dxc4 13. Nxc4 Bxc4 14. bxc4 Qb6+
15. Kh1 Qxb2 16. e5 Ne8 17. Rb1 Qxa2 18. Ra1 Qb2 19. Rb1 Qa3 20. Rb3 Qa2 21.
Bxh7+ Kxh7 22. Rh3+ Kg8 23. Qh5 f5 24. Qh7+ Kf7 25. Rh6 Nf6 26. Qg6+ Kg8 27.
exf6 Rxf6 28. Qh7+ Kf7 0-1

[Event "Mondiale Lampo FIDE 2019"]
[Site "Mosca"]
[Date "29.12.2019"]
[Round "2.26"]
[White "Reshetnikov, Alexey"]
[Black "Salem, A.R. Saleh"]
[Result "0-1"]
[WhiteTitle "IM"]
[BlackTitle "GM"]
[WhiteElo "2492"]
[BlackElo "2675"]
[WhiteFideId "4162080"]
[BlackFideId "9301348"]
[EventDate "2019.12.29"]

1. b3 e5 2. Bb2 Nc6 3. c4 Nf6 4. e3 Be7 5. d3 d5 6. cxd5 Nxd5 7. Nf3 f6 8. a3
Be6 9. Nbd2 Qd7 10. b4 a6 11. Be2 g5 12. Nb3 O-O-O 13. Nfd2 Kb8 14. Ne4 Qe8 15.
Rc1 Bc8 16. Bh5 Qd7 17. Nbc5 Bxc5 18. Nxc5 Qd6 19. Bf3 f5 20. Qa4 Na7 21. Qb3
Rhe8 22. O-O b6 23. Rfd1 g4 24. Be2 Ka8 25. Na4 Bb7 26. Nc3 h5 27. Nxd5 Bxd5 28.
Qc2 Kb8 29. d4 e4 30. Bxa6 h4 31. Bf1 g3 32. a4 f4 33. a5 f3 34. axb6 cxb6 35.
b5 h3 36. fxg3 0-1

[Event "Mondiale Lampo FIDE 2019"]
[Site "Mosca"]
[Date "29.12.2019"]
[Round "2.27"]
[White "Firouzja, Alireza"]
[Black "Triapishko, Alexandr"]
[Result "1-0"]
[WhiteTitle "GM"]
[BlackTitle "IM"]
[WhiteElo "2723"]
[BlackElo "2502"]
[WhiteFideId "12573981"]
[BlackFideId "14122286"]
[EventDate "2019.12.29"]

1. d4 Nf6 2. c4 e6 3. Nf3 d5 4. g3 dxc4 5. Bg2 Bb4+ 6. Bd2 c5 7. O-O O-O 8. dxc5
Bxc5 9. Qc2 Nbd7 10. Na3 b6 11. Nd4 Nd5 12. Ndb5 a6 13. Nc3 Bb7 14. Nxc4 Rc8 15.
Qb3 b5 16. Nxd5 Bxd5 17. Bxd5 bxc4 18. Bxc4 Ne5 19. Bd3 Rb8 20. Qc2 Nxd3 21.
exd3 Qb6 22. Bc3 Bd4 23. Qa4 Bc5 24. Qg4 f6 25. d4 Be7 26. Rae1 f5 27. Qe2 Bf6
28. Qxe6+ Qxe6 29. Rxe6 Rfd8 30. Rd1 a5 31. Ra6 Rb5 32. Kg2 h5 33. Rxa5 Rxa5 34.
Bxa5 Ra8 35. b4 Kf7 36. d5 Ke7 37. Rd2 Kd7 38. h4 Rc8 39. b5 Rc4 40. b6 Be5 41.
d6 Rc8 42. Rd5 Ke6 43. Rxe5+ Kxe5 44. d7 1-0

[Event "Mondiale Lampo FIDE 2019"]
[Site "Mosca"]
[Date "29.12.2019"]
[Round "2.28"]
[White "Geller, Jakov"]
[Black "Cheparinov, Ivan"]
[Result "1/2-1/2"]
[WhiteTitle "GM"]
[BlackTitle "GM"]
[WhiteElo "2521"]
[BlackElo "2687"]
[WhiteFideId "4151984"]
[BlackFideId "2905540"]
[EventDate "2019.12.29"]

1. e4 c5 2. Nf3 d6 3. Bb5+ Nd7 4. O-O a6 5. Bxd7+ Bxd7 6. d4 cxd4 7. Qxd4 Rc8 8.
c4 Nf6 9. Nc3 g6 10. b3 Bg7 11. Bb2 O-O 12. a4 Bc6 13. Nd5 Bxd5 14. exd5 Nh5 15.
Qd2 Bxb2 16. Qxb2 Qa5 17. Rfe1 Rfe8 18. Qd2 Qxd2 19. Nxd2 a5 20. Rab1 Nf6 21. b4
Ra8 22. g3 Nd7 23. c5 dxc5 24. bxa5 Ra7 25. Nc4 Kf8 26. Rb5 Rc8 27. Reb1 Rc7 28.
h4 h5 29. Kg2 Nf6 30. d6 exd6 31. Nxd6 c4 32. Nxb7 c3 33. Nd6 c2 34. Rc1 Ra6 35.
Rb8+ Kg7 36. Rb7 Rxb7 37. Nxb7 Rc6 38. a6 Rxa6 39. Rxc2 Rxa4 40. Nd6 Ra7 41. Rb2 1/2-1/2

[Event "Mondiale Lampo FIDE 2019"]
[Site "Mosca"]
[Date "29.12.2019"]
[Round "2.29"]
[White "Sethuraman, S.P."]
[Black "Quparadze, Giga"]
[Result "0-1"]
[WhiteTitle "GM"]
[BlackTitle "GM"]
[WhiteElo "2638"]
[BlackElo "2462"]
[WhiteFideId "5021596"]
[BlackFideId "13602250"]
[EventDate "2019.12.29"]

1. e4 e5 2. Nf3 Nc6 3. Bb5 a6 4. Ba4 Nf6 5. Qe2 b5 6. Bb3 Be7 7. c3 d6 8. d4 Bg4
9. Be3 O-O 10. h3 Bh5 11. Nbd2 Re8 12. d5 Na5 13. Bc2 Bg6 14. b4 Nb7 15. c4 a5
16. Nh4 Bxe4 17. Nxe4 Nxe4 18. Nf5 Nf6 19. cxb5 axb4 20. O-O Bf8 21. Qc4 Nc5 22.
Rfd1 Nfd7 23. Qxb4 g6 24. Ng3 Bg7 25. a4 f5 26. Nf1 e4 27. Rab1 Rf8 28. Bf4 g5
29. Bh2 f4 30. a5 e3 31. fxe3 f3 32. gxf3 Rxf3 33. Kg2 Qf6 34. Bg3 Rf8 35. Qg4
Ne5 36. Qh5 Rf2+ 37. Bxf2 Qxf2+ 38. Kh1 Qxc2 39. Rbc1 Qe4+ 40. Kg1 Nf3+ 41. Kf2
Nh4+ 42. Ke1 Nd3+ 0-1

[Event "Mondiale Lampo FIDE 2019"]
[Site "Mosca"]
[Date "29.12.2019"]
[Round "2.30"]
[White "Motylev, Alexander"]
[Black "Gundavaa, Bayarsaikhan"]
[Result "0-1"]
[WhiteTitle "GM"]
[BlackTitle "GM"]
[WhiteElo "2640"]
[BlackElo "2489"]
[WhiteFideId "4121830"]
[BlackFideId "4901045"]
[EventDate "2019.12.29"]

1. e4 c5 2. Nc3 d6 3. Nf3 Nf6 4. d4 cxd4 5. Nxd4 a6 6. Be3 e5 7. Nf3 Be7 8. a4
O-O 9. Bc4 Be6 10. Bb3 Qc7 11. O-O Rc8 12. Qe2 Nbd7 13. Nd2 Nc5 14. Ba2 Qc6 15.
a5 Bxa2 16. Bxc5 Be6 17. Bb6 d5 18. exd5 Nxd5 19. Qxe5 Nxb6 20. axb6 Bf6 21. Qe3
Bxc3 22. bxc3 Qxc3 23. Rfc1 Qxe3 24. fxe3 Rc6 25. Rab1 Rac8 26. Ne4 Bf5 27. Ng3
Bxc2 28. Rb2 Ba4 29. Rxc6 Rxc6 30. Nf5 Rc5 31. Rd2 h5 32. Rd8+ Kh7 33. Nd6 Rc6
34. Nxb7 Rxb6 35. Nd6 Bb3 36. Ra8 Bd5 37. Rd8 Rb1+ 38. Kf2 Rb2+ 39. Kg3 Rxg2+
40. Kf4 Rxh2 41. e4 Be6 42. Ra8 Ra2 43. Nb7 h4 44. Nc5 h3 0-1